[Event "20. Open d'escacs de Sants 2018"]
[Site "Barcelona ESP"]
[Date "2018.08.19"]
[Round "3.33"]
[White "ESCALANTE RAMIREZ, Brian Sebasti"]
[Black "TOUZANE, Olivier"]
[Result "1-0"]
[WhiteElo "2438"]
[BlackElo "2301"]
[PlyCount "47"]
[EventDate "2018.08.17"]
[EventType "swiss"]
[EventRounds "10"]
[EventCountry "ESP"]
[SourceTitle "Ajedrez en Madrid"]
[Source "lmi"]
[SourceDate "2018.08.17"]
[SourceVersion "1"]
[SourceVersionDate "2019.07.10"]
[SourceQuality "1"]

1. e4 g6 2. d4 Bg7 3. c3 d6 4. Nf3 Nc6 5. Bg5 h6 6. Bh4 Nf6 7. Nbd2 O-O 8. Bd3
e5 9. dxe5 Nxe5 10. Nxe5 dxe5 11. Nc4 Qe8 12. Ne3 Be6 13. g4 Qd7 14. f3 Rfd8
15. Bc4 Qxd1+ 16. Rxd1 Rxd1+ 17. Kxd1 Bxc4 18. Nxc4 Nd7 19. Ke2 Kf8 20. Bf2 a5
21. a4 Ke7 22. h4 Bf8 23. h5 g5 24. Ne3 1-0

[Event "20. Open d'escacs de Sants 2018"]
[Site "Barcelona ESP"]
[Date "2018.08.19"]
[Round "3.34"]
[White "CRUZ, Jonathan"]
[Black "AMATO, Andrea"]
[Result "1-0"]
[WhiteElo "2420"]
[BlackElo "2300"]
[PlyCount "47"]
[EventDate "2018.08.17"]
[EventType "swiss"]
[EventRounds "10"]
[EventCountry "ESP"]
[SourceTitle "Ajedrez en Madrid"]
[Source "lmi"]
[SourceDate "2018.08.17"]
[SourceVersion "1"]
[SourceVersionDate "2019.07.10"]
[SourceQuality "1"]

1. e4 e6 2. d4 d5 3. Nd2 Nf6 4. Bd3 c5 5. e5 Nfd7 6. c3 Nc6 7. Ne2 Rb8 8. O-O
b5 9. f4 Qb6 10. Nf3 g6 11. Kh1 b4 12. Ng5 Ba6 13. f5 Bxd3 14. fxe6 Bxe2 15.
exd7+ Kxd7 16. Qxe2 Nd8 17. c4 cxd4 18. cxd5 Qb5 19. Qf3 Be7 20. Ne4 Rb6 21.
Bh6 Kc8 22. Rac1+ Kb8 23. d6 Bf8 24. Qf6 1-0

[Event "20. Open d'escacs de Sants 2018"]
[Site "Barcelona ESP"]
[Date "2018.08.19"]
[Round "3.35"]
[White "JORDAN MARTINEZ, Miguel"]
[Black "YANKELEVICH, Lev"]
[Result "0-1"]
[WhiteElo "2170"]
[BlackElo "2420"]
[PlyCount "66"]
[EventDate "2018.08.17"]
[EventType "swiss"]
[EventRounds "10"]
[EventCountry "ESP"]
[SourceTitle "Ajedrez en Madrid"]
[Source "lmi"]
[SourceDate "2018.08.17"]
[SourceVersion "1"]
[SourceVersionDate "2019.07.10"]
[SourceQuality "1"]

1. e4 Nf6 2. e5 Nd5 3. d4 d6 4. c4 Nb6 5. exd6 exd6 6. Nc3 Be7 7. Be3 O-O 8. h3
Bf5 9. Nf3 Bf6 10. b3 Bg6 11. Be2 Nc6 12. O-O d5 13. c5 Nc8 14. a3 a5 15. Qd2
h6 16. Nb5 N8e7 17. Bf4 Rc8 18. b4 axb4 19. axb4 Be4 20. Na7 Bxf3 21. Nxc8 Bxe2
22. Nxe7+ Qxe7 23. Rfe1 Nxd4 24. Ra7 Qe4 25. Rxb7 c6 26. b5 Qg6 27. Kh1 Bxb5
28. Qa5 Ne2 29. Bc1 Bc3 30. Qc7 Bxe1 31. Qe7 Rc8 32. Rxb5 cxb5 33. Qxe2 Qe6 0-1

[Event "20. Open d'escacs de Sants 2018"]
[Site "Barcelona ESP"]
[Date "2018.08.19"]
[Round "3.36"]
[White "FENIL, Shah"]
[Black "PALTRINIERI, Nicholas"]
[Result "1/2-1/2"]
[WhiteElo "2412"]
[BlackElo "2288"]
[PlyCount "75"]
[EventDate "2018.08.17"]
[EventType "swiss"]
[EventRounds "10"]
[EventCountry "ESP"]
[SourceTitle "Ajedrez en Madrid"]
[Source "lmi"]
[SourceDate "2018.08.17"]
[SourceVersion "1"]
[SourceVersionDate "2019.07.10"]
[SourceQuality "1"]

1. d4 e6 2. Nf3 f5 3. g3 Nf6 4. Bg2 Be7 5. O-O O-O 6. c4 d6 7. Nc3 Ne4 8. Qc2
Nxc3 9. Qxc3 a5 10. Re1 Nc6 11. e4 e5 12. d5 Nb8 13. c5 Nd7 14. cxd6 cxd6 15.
exf5 Rxf5 16. Be3 b6 17. Rac1 Ba6 18. Nd2 Nc5 19. Bxc5 bxc5 20. Bh3 Rf8 21.
Be6+ Kh8 22. Ne4 Rb8 23. b3 Bb5 24. Qd2 Be8 25. Rc3 Bg6 26. a3 Rb7 27. f3 h6
28. Kg2 a4 29. bxa4 Qa5 30. Rb3 Qxd2+ 31. Nxd2 Rxb3 32. Nxb3 Rb8 33. Na5 Rb2+
34. Kh3 Rd2 35. f4 Bf6 36. fxe5 Bxe5 37. Nc6 Bf6 38. Re3 1/2-1/2

[Event "20. Open d'escacs de Sants 2018"]
[Site "Barcelona ESP"]
[Date "2018.08.19"]
[Round "3.37"]
[White "LAMARD, Guillaume"]
[Black "MOKSH, Amit Doshi"]
[Result "1/2-1/2"]
[WhiteElo "2409"]
[BlackElo "2193"]
[PlyCount "112"]
[EventDate "2018.08.17"]
[EventType "swiss"]
[EventRounds "10"]
[EventCountry "ESP"]
[SourceTitle "Ajedrez en Madrid"]
[Source "lmi"]
[SourceDate "2018.08.17"]
[SourceVersion "1"]
[SourceVersionDate "2019.07.10"]
[SourceQuality "1"]

1. e4 c5 2. Nf3 d6 3. c3 Nf6 4. Qc2 Nc6 5. d4 cxd4 6. cxd4 d5 7. e5 Ne4 8. Be3
e6 9. a3 Bd7 10. Nc3 Qa5 11. Be2 Bb4 12. O-O Bxc3 13. bxc3 Ne7 14. Bd3 Bb5 15.
c4 Rc8 16. Bxe4 dxe4 17. Nd2 O-O 18. Rfc1 Nf5 19. Qxe4 Ba4 20. Nf1 b5 21. c5
Bb3 22. Qg4 Bd5 23. Bg5 Qa4 24. Rd1 Rxc5 25. Ng3 Rc4 26. Nxf5 exf5 27. Qf4 Be4
28. Qe3 Rfc8 29. Be7 Rc3 30. Qf4 Qc4 31. Bc5 Bc2 32. Rd2 Bd3 33. Bb4 Rc1+ 34.
Rd1 Rxa1 35. Rxa1 h6 36. h4 Rd8 37. Bc5 a6 38. Rc1 Qe6 39. Bd6 Bc4 40. f3 Rc8
41. Qd2 Bd5 42. Rc5 Rxc5 43. dxc5 Bc6 44. Qf4 a5 45. Bc7 Qd5 46. Bxa5 Qxc5+ 47.
Kh2 Qxa3 48. Bb4 Qd3 49. Be7 Qd7 50. Ba3 Kh7 51. Bf8 Kg8 52. Ba3 Bd5 53. Qd4
Qc6 54. Qc5 Qxc5 55. Bxc5 Kh7 56. Be7 f4 1/2-1/2

[Event "20. Open d'escacs de Sants 2018"]
[Site "Barcelona ESP"]
[Date "2018.08.19"]
[Round "3.38"]
[White "SARDANA, Rishi"]
[Black "BRU RULLO, Llatzer"]
[Result "1-0"]
[WhiteElo "2407"]
[BlackElo "2179"]
[PlyCount "49"]
[EventDate "2018.08.17"]
[EventType "swiss"]
[EventRounds "10"]
[EventCountry "ESP"]
[SourceTitle "Ajedrez en Madrid"]
[Source "lmi"]
[SourceDate "2018.08.17"]
[SourceVersion "1"]
[SourceVersionDate "2019.07.10"]
[SourceQuality "1"]

1. e4 c5 2. Nf3 e6 3. g3 Nf6 4. e5 Nd5 5. Nc3 Nxc3 6. dxc3 b6 7. Bd3 Bb7 8. Qe2
Qc7 9. Be4 Nc6 10. Bf4 h6 11. h4 d5 12. exd6 Bxd6 13. Bxd6 Qxd6 14. Nd2 Qc7 15.
O-O-O O-O-O 16. h5 Kb8 17. Rhe1 Rhe8 18. Nc4 Rxd1+ 19. Rxd1 Rd8 20. Rxd8+ Nxd8
21. Bxb7 Qxb7 22. Qg4 f6 23. b3 Qf7 24. a4 Nc6 25. Qf4+ 1-0

[Event "20. Open d'escacs de Sants 2018"]
[Site "Barcelona ESP"]
[Date "2018.08.19"]
[Round "3.39"]
[White "SVETUSHKIN, Dmitry"]
[Black "GUECI, Tea"]
[Result "1-0"]
[WhiteElo "2580"]
[BlackElo "2156"]
[PlyCount "53"]
[EventDate "2018.08.17"]
[EventType "swiss"]
[EventRounds "10"]
[EventCountry "ESP"]
[SourceTitle "Ajedrez en Madrid"]
[Source "lmi"]
[SourceDate "2018.08.17"]
[SourceVersion "1"]
[SourceVersionDate "2019.07.10"]
[SourceQuality "1"]

1. e4 c5 2. Nf3 e6 3. d3 Nc6 4. c3 d5 5. Qe2 Nge7 6. g3 g6 7. Bg2 Bg7 8. O-O
O-O 9. e5 Qc7 10. Bf4 b5 11. Nbd2 a5 12. h4 h5 13. Rfe1 b4 14. Nb3 bxc3 15.
bxc3 a4 16. Nxc5 Qa5 17. d4 Qxc3 18. Rac1 Qa5 19. Bh3 Ba6 20. Qe3 Rfd8 21. Bg5
Bf8 22. Bf6 Bc8 23. Qf4 Re8 24. g4 hxg4 25. Bxg4 Nf5 26. Bxf5 exf5 27. h5 1-0

[Event "20. Open d'escacs de Sants 2018"]
[Site "Barcelona ESP"]
[Date "2018.08.19"]
[Round "3.40"]
[White "RAMIREZ GARCIA, Jorge Alberto"]
[Black "SWIERCZ, Dariusz"]
[Result "0-1"]
[WhiteElo "2314"]
[BlackElo "2669"]
[PlyCount "88"]
[EventDate "2018.08.17"]
[EventType "swiss"]
[EventRounds "10"]
[EventCountry "ESP"]
[SourceTitle "Ajedrez en Madrid"]
[Source "lmi"]
[SourceDate "2018.08.17"]
[SourceVersion "1"]
[SourceVersionDate "2019.07.10"]
[SourceQuality "1"]

1. e4 c5 2. c3 d5 3. exd5 Qxd5 4. d4 Nf6 5. Nf3 e6 6. Be3 cxd4 7. cxd4 Bb4+ 8.
Nc3 O-O 9. Bd3 Bd7 10. O-O Bxc3 11. bxc3 Bb5 12. Bxb5 Qxb5 13. Qb3 Qa6 14. Rab1
b6 15. Ne5 Rc8 16. Rfc1 Nc6 17. Nc4 Na5 18. Nxa5 Qxa5 19. c4 Rc6 20. Rc2 Rac8
21. Rbc1 Qf5 22. a4 h6 23. h3 Nd5 24. a5 bxa5 25. c5 Nb4 26. Rc3 R6c7 27. Qa4
Nc6 28. Rc4 Rb7 29. Qa2 Rcb8 30. Qa4 Qd5 31. Bd2 Rb5 32. Qa1 e5 33. Be3 Qxc4
34. Rxc4 Rb1+ 35. Qxb1 Rxb1+ 36. Kh2 exd4 37. Rc1 Rxc1 38. Bxc1 f6 39. Kg3 Kf7
40. Kf4 Ke6 41. g4 Kd5 42. h4 Ne5 43. Kf5 d3 44. f4 Nc4 0-1

[Event "20. Open d'escacs de Sants 2018"]
[Site "Barcelona ESP"]
[Date "2018.08.20"]
[Round "4.1"]
[White "KEYMER, Vincent"]
[Black "DEMCHENKO, Anton"]
[Result "0-1"]
[WhiteElo "2493"]
[BlackElo "2670"]
[PlyCount "74"]
[EventDate "2018.08.17"]
[EventType "swiss"]
[EventRounds "10"]
[EventCountry "ESP"]
[SourceTitle "Ajedrez en Madrid"]
[Source "lmi"]
[SourceDate "2018.08.17"]
[SourceVersion "1"]
[SourceVersionDate "2019.07.10"]
[SourceQuality "1"]

1. d4 Nf6 2. c4 b6 3. Nc3 Bb7 4. d5 e6 5. e4 exd5 6. cxd5 Bb4 7. Bd3 Qe7 8.
Nge2 Bxc3+ 9. bxc3 Nxe4 10. O-O Nc5 11. Bc2 Nba6 12. Nd4 O-O-O 13. Nf5 Qe5 14.
Be3 Ne4 15. Qd4 Rhe8 16. Nxg7 Nxc3 17. Kh1 Qxd4 18. Bxd4 Re2 19. Bxc3 Rxc2 20.
Bf6 Rg8 21. Nf5 Kb8 22. Ne3 Rd2 23. a3 Bxd5 24. Rad1 Rxd1 25. Rxd1 Bc6 26. Rd4
Nc5 27. Rh4 Be4 28. Kg1 Re8 29. Bd4 Bg6 30. Bxc5 bxc5 31. Rc4 d5 32. Rc1 d4 33.
Nc4 Kb7 34. f4 Kc6 35. Kf2 f6 36. g4 Bd3 37. Na5+ Kd5 0-1

[Event "20. Open d'escacs de Sants 2018"]
[Site "Barcelona ESP"]
[Date "2018.08.20"]
[Round "4.2"]
[White "NARCISO DUBLAN, Marc"]
[Black "NISIPEANU, Liviu-Dieter"]
[Result "0-1"]
[WhiteElo "2483"]
[BlackElo "2657"]
[PlyCount "116"]
[EventDate "2018.08.17"]
[EventType "swiss"]
[EventRounds "10"]
[EventCountry "ESP"]
[SourceTitle "Ajedrez en Madrid"]
[Source "lmi"]
[SourceDate "2018.08.17"]
[SourceVersion "1"]
[SourceVersionDate "2019.07.10"]
[SourceQuality "1"]

1. d4 Nf6 2. Bg5 d5 3. e3 c5 4. Bxf6 gxf6 5. dxc5 e6 6. Nf3 Bxc5 7. Be2 b6 8.
c4 dxc4 9. Qc2 Bb7 10. O-O Nd7 11. Qxc4 Rg8 12. Rd1 Qc7 13. Nbd2 Ne5 14. Qh4
O-O-O 15. Kf1 Ng4 16. Rac1 a5 17. g3 Qc6 18. Nb3 Ne5 19. Nxc5 bxc5 20. e4 Rxd1+
21. Rxd1 Qxe4 22. Qxe4 Bxe4 23. Nxe5 fxe5 24. Rc1 Kd7 25. Rxc5 Rb8 26. Rxe5 Bd5
27. b3 Kd6 28. Re3 Rc8 29. Bd3 h5 30. f4 Kc5 31. Ba6 Rh8 32. Kf2 h4 33. g4 Rb8
34. Rh3 Rb4 35. Bc4 Bxc4 36. bxc4 Rxc4 37. Rxh4 Rxf4+ 38. Kg3 Ra4 39. Rh7 Ra3+
40. Kf4 Rxa2 41. Kg3 Ra3+ 42. Kg2 Ra4 43. Kg3 f5 44. gxf5 exf5 45. Rh5 Rc4 46.
Rxf5+ Kb4 47. h4 a4 48. h5 a3 49. h6 a2 50. Rf1 Rc6 51. Rh1 Rxh6 52. Rxh6 a1=Q
53. Re6 Kc4 54. Kf4 Kd5 55. Rg6 Qd4+ 56. Kg5 Ke5 57. Ra6 Qd2+ 58. Kh4 Kf5 0-1

[Event "20. Open d'escacs de Sants 2018"]
[Site "Barcelona ESP"]
[Date "2018.08.20"]
[Round "4.3"]
[White "GLEDURA, Benjamin"]
[Black "ANURAG, Mhamal"]
[Result "1/2-1/2"]
[WhiteElo "2626"]
[BlackElo "2484"]
[PlyCount "51"]
[EventDate "2018.08.17"]
[EventType "swiss"]
[EventRounds "10"]
[EventCountry "ESP"]
[SourceTitle "Ajedrez en Madrid"]
[Source "lmi"]
[SourceDate "2018.08.17"]
[SourceVersion "1"]
[SourceVersionDate "2019.07.10"]
[SourceQuality "1"]

1. d4 Nf6 2. c4 g6 3. g3 c6 4. Bg2 d5 5. Nd2 Bg7 6. b3 c5 7. dxc5 dxc4 8. Bb2
Qa5 9. Ngf3 c3 10. Nc4 Qxc5 11. Bxc3 Ne4 12. Bd4 Qb4+ 13. Kf1 O-O 14. Bxg7 Kxg7
15. Qd4+ Nf6 16. Nfe5 Nc6 17. Nxc6 bxc6 18. h4 Be6 19. Rc1 Rfd8 20. Qa1 h5 21.
Bf3 a5 22. Ne5 Rd2 23. Nc4 Rdd8 24. Ne5 Rd2 25. Nc4 Rdd8 26. Ne5 1/2-1/2

[Event "20. Open d'escacs de Sants 2018"]
[Site "Barcelona ESP"]
[Date "2018.08.20"]
[Round "4.4"]
[White "OLIVA CASTANEDA, Kevel"]
[Black "HEIMANN, Andreas"]
[Result "1/2-1/2"]
[WhiteElo "2479"]
[BlackElo "2590"]
[PlyCount "152"]
[EventDate "2018.08.17"]
[EventType "swiss"]
[EventRounds "10"]
[EventCountry "ESP"]
[SourceTitle "Ajedrez en Madrid"]
[Source "lmi"]
[SourceDate "2018.08.17"]
[SourceVersion "1"]
[SourceVersionDate "2019.07.10"]
[SourceQuality "1"]

1. Nf3 d5 2. d4 Bf5 3. c4 e6 4. Nc3 Nf6 5. cxd5 exd5 6. Bg5 c6 7. e3 Nbd7 8.
Bd3 Bxd3 9. Qxd3 Be7 10. O-O O-O 11. Nd2 Re8 12. Rad1 h6 13. Bh4 Bd6 14. Rfe1
Qc7 15. Bg3 Bxg3 16. hxg3 Qd6 17. Qc2 Nb6 18. Qb3 Re7 19. e4 dxe4 20. Ndxe4
Nxe4 21. Nxe4 Qc7 22. Nc5 Rae8 23. Qc3 Nd5 24. Qd2 Nf6 25. Nd3 Qd6 26. Rxe7
Rxe7 27. Ne5 Qd5 28. b3 Qd8 29. Nf3 Re4 30. Re1 Qe7 31. Ne5 Rxe1+ 32. Qxe1 Nd5
33. Qa5 a6 34. Qc5 Qc7 35. a3 g6 36. b4 Kg7 37. Qc1 Qe7 38. Qc5 Qc7 39. Qc1 a5
40. bxa5 Qxa5 41. Qb2 Qb6 42. Qxb6 Nxb6 43. Kf1 f6 44. Nd3 Nc4 45. a4 Kf7 46.
Ke2 Ke7 47. Nc5 b6 48. Ne4 Ke6 49. Nc3 h5 50. Kd3 Nd6 51. Ke3 g5 52. Kd3 Nf5
53. Ke4 Ne7 54. Kd3 Nd5 55. Ne4 g4 56. Kc4 f5 57. Nd2 f4 58. Kd3 fxg3 59. fxg3
Ne7 60. Nc4 b5 61. axb5 cxb5 62. Na3 b4 63. Nc2 b3 64. Ne3 Kd6 65. Nc4+ Kd5 66.
Ne3+ Ke6 67. Kd2 Nd5 68. Nc4 Nc7 69. Kc3 Kd5 70. Kd3 Nb5 71. Ne3+ Ke6 72. Nd1
Nd6 73. Ne3 Nb5 74. Nd1 Kd5 75. Ne3+ Kc6 76. Nc4 Kd5 1/2-1/2

[Event "20. Open d'escacs de Sants 2018"]
[Site "Barcelona ESP"]
[Date "2018.08.20"]
[Round "4.5"]
[White "ESIPENKO, Andrey"]
[Black "AGUERO JIMENEZ, Luis Lazaro"]
[Result "1-0"]
[WhiteElo "2589"]
[BlackElo "2482"]
[PlyCount "145"]
[EventDate "2018.08.17"]
[EventType "swiss"]
[EventRounds "10"]
[EventCountry "ESP"]
[SourceTitle "Ajedrez en Madrid"]
[Source "lmi"]
[SourceDate "2018.08.17"]
[SourceVersion "1"]
[SourceVersionDate "2019.07.10"]
[SourceQuality "1"]

1. d4 d5 2. c4 dxc4 3. e4 e5 4. Nf3 exd4 5. Bxc4 Bb4+ 6. Nbd2 Nc6 7. O-O Nf6 8.
e5 Nd5 9. Nb3 Nb6 10. Bb5 Qd5 11. Bxc6+ bxc6 12. Qxd4 Qxd4 13. Nfxd4 Ba6 14.
Rd1 Bb5 15. a3 Bf8 16. Na5 O-O-O 17. Bg5 f6 18. exf6 Rd5 19. Nxb5 cxb5 20. Rxd5
Nxd5 21. f7 Kd7 22. Rd1 c6 23. Re1 h6 24. Be3 Bd6 25. Bd4 Rf8 26. Bxg7 Rxf7 27.
Bxh6 Rh7 28. Bd2 Bxh2+ 29. Kf1 Bf4 30. Rd1 Be5 31. Bc1 Rh1+ 32. Ke2 Rxd1 33.
Kxd1 c5 34. Nb3 Kd6 35. Nd2 Bd4 36. Ne4+ Ke5 37. f3 c4 38. Bh6 Ke6 39. Kc2 b4
40. Nd2 b3+ 41. Kc1 Nb6 42. Kb1 a5 43. Ne4 a4 44. Bd2 Nd5 45. Bc3 Bxc3 46. bxc3
Ne3 47. g4 Kd5 48. g5 Nf5 49. g6 Ng7 50. Kc1 Nh5 51. Kd2 Ng7 52. Nf2 Ke6 53.
Nd1 Nf5 54. Nb2 Nd6 55. Nxa4 Nb5 56. Nc5+ Kf6 57. a4 b2 58. Ne4+ Kxg6 59. Kc2
Nc7 60. Kxb2 Kf5 61. Ka3 Kf4 62. Kb4 Kxf3 63. Nd6 Ke3 64. Kxc4 Kd2 65. Ne4+ Kc2
66. Nc5 Ne8 67. a5 Nd6+ 68. Kb4 Nc8 69. a6 Kd2 70. Kc4 Kc2 71. Ne4 Ne7 72. Kc5
Nc8 73. Kc6 1-0

[Event "20. Open d'escacs de Sants 2018"]
[Site "Barcelona ESP"]
[Date "2018.08.20"]
[Round "4.6"]
[White "CRUZ, Cristhian"]
[Black "PULVETT MARIN, Daniel Eduardo"]
[Result "1/2-1/2"]
[WhiteElo "2571"]
[BlackElo "2465"]
[PlyCount "62"]
[EventDate "2018.08.17"]
[EventType "swiss"]
[EventRounds "10"]
[EventCountry "ESP"]
[SourceTitle "Ajedrez en Madrid"]
[Source "lmi"]
[SourceDate "2018.08.17"]
[SourceVersion "1"]
[SourceVersionDate "2019.07.10"]
[SourceQuality "1"]

1. d4 Nf6 2. c4 e6 3. Nf3 b6 4. g3 Ba6 5. b3 Bb4+ 6. Bd2 Be7 7. Bg2 c6 8. O-O
d5 9. Qc2 O-O 10. Rd1 Nbd7 11. a4 Qc8 12. Be1 c5 13. Na3 dxc4 14. Nxc4 Bb7 15.
Rac1 Be4 16. Qb2 Qb7 17. b4 cxd4 18. Qxd4 Rac8 19. g4 e5 20. Qd2 Nd5 21. e3
Bxb4 22. Qb2 Bc5 23. Ncd2 Nxe3 24. fxe3 Bxe3+ 25. Bf2 Bxf2+ 26. Kxf2 Nc5 27.
Nxe4 Qxe4 28. Nxe5 Qf4+ 29. Kg1 Qe3+ 30. Kf1 Qf4+ 31. Kg1 Qe3+ 1/2-1/2

[Event "20. Open d'escacs de Sants 2018"]
[Site "Barcelona ESP"]
[Date "2018.08.20"]
[Round "4.8"]
[White "VOLKOV, Sergey"]
[Black "NEEF, Maximilian"]
[Result "1/2-1/2"]
[WhiteElo "2557"]
[BlackElo "2463"]
[PlyCount "98"]
[EventDate "2018.08.17"]
[EventType "swiss"]
[EventRounds "10"]
[EventCountry "ESP"]
[SourceTitle "Ajedrez en Madrid"]
[Source "lmi"]
[SourceDate "2018.08.17"]
[SourceVersion "1"]
[SourceVersionDate "2019.07.10"]
[SourceQuality "1"]

1. d4 Nf6 2. c4 g6 3. Nc3 Bg7 4. e4 d6 5. Nf3 O-O 6. Be2 e5 7. Be3 exd4 8. Nxd4
Re8 9. f3 c6 10. Qd2 d5 11. exd5 cxd5 12. O-O Nc6 13. Rad1 dxc4 14. Bxc4 Nxd4
15. Bxd4 Qc7 16. Bb5 Rd8 17. Qf2 Be6 18. Bxa7 Nd5 19. Nxd5 Rxd5 20. Rxd5 Bxd5
21. a4 Bb3 22. Bb6 Qf4 23. g3 Qf6 24. a5 Rc8 25. Bd3 Bd5 26. b4 Qc3 27. Be4
Bxe4 28. fxe4 Qc4 29. b5 Rf8 30. Bc5 Rc8 31. Be3 Rf8 32. b6 Qxe4 33. Qf3 Qxf3
34. Rxf3 Rd8 35. Bf4 g5 36. Bxg5 Rd5 37. a6 bxa6 38. Be3 Rb5 39. Rf4 a5 40. Rc4
Be5 41. Rc5 Rxc5 42. Bxc5 f6 43. b7 a4 44. Ba3 Kf7 45. Bc1 Ke6 46. Bf4 Bd4+ 47.
Kg2 Ba7 48. Be3 Bb8 49. Bf4 Ba7 1/2-1/2

[Event "20. Open d'escacs de Sants 2018"]
[Site "Barcelona ESP"]
[Date "2018.08.20"]
[Round "4.10"]
[White "QUESADA PEREZ, Yasser"]
[Black "ESCALANTE RAMIREZ, Brian Sebasti"]
[Result "1-0"]
[WhiteElo "2534"]
[BlackElo "2438"]
[PlyCount "91"]
[EventDate "2018.08.17"]
[EventType "swiss"]
[EventRounds "10"]
[EventCountry "ESP"]
[SourceTitle "Ajedrez en Madrid"]
[Source "lmi"]
[SourceDate "2018.08.17"]
[SourceVersion "1"]
[SourceVersionDate "2019.07.10"]
[SourceQuality "1"]

1. e4 Nf6 2. e5 Nd5 3. d4 d6 4. c4 Nb6 5. f4 dxe5 6. fxe5 Nc6 7. Be3 Bf5 8. Nc3
e6 9. Nf3 Be7 10. d5 exd5 11. cxd5 Nb4 12. Nd4 Bd7 13. e6 fxe6 14. dxe6 Bc6 15.
a3 Bh4+ 16. g3 Bxh1 17. axb4 O-O 18. Qg4 Qf6 19. Bd3 Qe5 20. Kd2 Be7 21. Rxh1
Rad8 22. Qe4 Qxe4 23. Nxe4 Bxb4+ 24. Ke2 Nd5 25. Bc4 c6 26. Bg5 Ne7 27. Nc2 h6
28. Be3 Ba5 29. Bc5 Rde8 30. Nd6 Rb8 31. Nf7 Rfe8 32. Ne3 Kh7 33. Rd1 b5 34.
Ba2 Bb6 35. Bxe7 Rxe7 36. Nf5 Rc7 37. Rd7 Rxd7 38. exd7 Rb7 39. d8=Q Bxd8 40.
Nxd8 Rb6 41. Ne7 g6 42. Ndxc6 b4 43. Bb1 b3 44. Bxg6+ Kg7 45. Kf2 Rb7 46. Be4
1-0

[Event "20. Open d'escacs de Sants 2018"]
[Site "Barcelona ESP"]
[Date "2018.08.20"]
[Round "4.11"]
[White "SOUMYA, Swaminathan"]
[Black "SVIRIDOV, Valery"]
[Result "0-1"]
[WhiteElo "2361"]
[BlackElo "2528"]
[PlyCount "116"]
[EventDate "2018.08.17"]
[EventType "swiss"]
[EventRounds "10"]
[EventCountry "ESP"]
[SourceTitle "Ajedrez en Madrid"]
[Source "lmi"]
[SourceDate "2018.08.17"]
[SourceVersion "1"]
[SourceVersionDate "2019.07.10"]
[SourceQuality "1"]

1. e4 Nf6 2. e5 Nd5 3. d4 d6 4. c4 Nb6 5. exd6 exd6 6. Nc3 Be7 7. Bd3 O-O 8.
Nge2 Nc6 9. O-O Bf6 10. Bb1 Re8 11. Ne4 Bg4 12. f3 Bf5 13. Nxf6+ Qxf6 14. Bxf5
Qxf5 15. d5 Ne5 16. b3 Qf6 17. Rb1 Qg6 18. Bb2 Nbd7 19. Kh1 Nd3 20. Bd4 Re7 21.
Ng3 Rae8 22. Qd2 a6 23. f4 N3c5 24. Rbd1 h5 25. b4 Ne4 26. Nxe4 Rxe4 27. Rf2
Qg4 28. Rdf1 Re2 29. Qc1 R8e4 30. h3 Qg3 31. f5 Rxf2 32. Bxf2 Qd3 33. c5 Rc4
34. Qe1 Nf6 35. cxd6 cxd6 36. Kg1 Qxd5 37. a3 Rc2 38. Qd1 Rd2 39. Qf3 Qxf3 40.
gxf3 Nd5 41. Rc1 Ra2 42. Rc8+ Kh7 43. Rd8 Nf4 44. Be3 Ne2+ 45. Kg2 Nd4+ 46. Bf2
Nxf5 47. Rd7 b5 48. Rxf7 Kg6 49. Ra7 Rxa3 50. f4 Ra4 51. Be1 Ra2+ 52. Kf3 Ra3+
53. Ke2 h4 54. Bd2 Rxh3 55. Rxa6 Rh2+ 56. Kd3 h3 57. Ra1 Rxd2+ 58. Kxd2 h2 0-1

[Event "20. Open d'escacs de Sants 2018"]
[Site "Barcelona ESP"]
[Date "2018.08.20"]
[Round "4.12"]
[White "VETOSHKO, Volodymyr"]
[Black "CRUZ, Jonathan"]
[Result "1/2-1/2"]
[WhiteElo "2525"]
[BlackElo "2420"]
[PlyCount "49"]
[EventDate "2018.08.17"]
[EventType "swiss"]
[EventRounds "10"]
[EventCountry "ESP"]
[SourceTitle "Ajedrez en Madrid"]
[Source "lmi"]
[SourceDate "2018.08.17"]
[SourceVersion "1"]
[SourceVersionDate "2019.07.10"]
[SourceQuality "1"]

1. d4 Nf6 2. c4 g6 3. Nc3 d5 4. Nf3 Bg7 5. Qb3 dxc4 6. Qxc4 O-O 7. e4 a6 8. Be2
b5 9. Qb3 c5 10. dxc5 Nbd7 11. Be3 Ng4 12. c6 Nde5 13. Rd1 Qa5 14. Bd2 Qb6 15.
O-O e6 16. a4 Nxf3+ 17. gxf3 Ne5 18. axb5 axb5 19. Qxb5 Qxc6 20. Qxc6 Nxc6 21.
Be3 Ba6 22. Bxa6 Rxa6 23. Rd6 Rb8 24. Rfd1 h5 25. Bc1 1/2-1/2

[Event "20. Open d'escacs de Sants 2018"]
[Site "Barcelona ESP"]
[Date "2018.08.20"]
[Round "4.13"]
[White "RAJESH, V A V."]
[Black "CUARTAS, Jaime Alexander"]
[Result "0-1"]
[WhiteElo "2325"]
[BlackElo "2499"]
[PlyCount "72"]
[EventDate "2018.08.17"]
[EventType "swiss"]
[EventRounds "10"]
[EventCountry "ESP"]
[SourceTitle "Ajedrez en Madrid"]
[Source "lmi"]
[SourceDate "2018.08.17"]
[SourceVersion "1"]
[SourceVersionDate "2019.07.10"]
[SourceQuality "1"]

1. d4 Nf6 2. c4 e6 3. Nc3 Bb4 4. e3 d5 5. Bd3 e5 6. dxe5 dxc4 7. Qa4+ Nc6 8.
Bxc4 Ne4 9. Qb3 Nc5 10. Qc2 Nxe5 11. Be2 Ned3+ 12. Kf1 O-O 13. f3 Nxc1 14. Rxc1
Be6 15. h4 Re8 16. Nh3 Bxh3 17. Rxh3 c6 18. a3 Bxc3 19. Qxc3 Na4 20. Qb4 Nb6
21. e4 Qf6 22. a4 Qf4 23. Rb1 c5 24. Qxc5 Rxe4 25. b3 Rae8 26. Bb5 Rc8 27. Rd1
h6 28. Qd6 Rc1 29. Qd8+ Kh7 30. Be2 Rxd1+ 31. Qxd1 Rd4 32. Qc2+ Kg8 33. Qc5 Rd8
34. a5 Rc8 35. Qe7 Qd4 36. Qa3 Nd5 0-1

[Event "20. Open d'escacs de Sants 2018"]
[Site "Barcelona ESP"]
[Date "2018.08.20"]
[Round "4.14"]
[White "SWIERCZ, Dariusz"]
[Black "SARDANA, Rishi"]
[Result "1/2-1/2"]
[WhiteElo "2669"]
[BlackElo "2407"]
[PlyCount "69"]
[EventDate "2018.08.17"]
[EventType "swiss"]
[EventRounds "10"]
[EventCountry "ESP"]
[SourceTitle "Ajedrez en Madrid"]
[Source "lmi"]
[SourceDate "2018.08.17"]
[SourceVersion "1"]
[SourceVersionDate "2019.07.10"]
[SourceQuality "1"]

1. e4 e5 2. Nf3 Nc6 3. Bb5 a6 4. Ba4 Nf6 5. O-O Be7 6. Re1 b5 7. Bb3 d6 8. c3
O-O 9. h3 Nb8 10. d4 Nbd7 11. Nbd2 Bb7 12. Bc2 Re8 13. Nf1 Bf8 14. Ng3 g6 15.
Bg5 h6 16. Bd2 Bg7 17. a4 Nb6 18. axb5 axb5 19. b3 c5 20. d5 Rxa1 21. Qxa1 Qc7
22. Qc1 Kh7 23. Nh2 Ra8 24. Rf1 Bc8 25. f4 exf4 26. Bxf4 Ng8 27. Bb1 Qe7 28.
Nf3 Nd7 29. b4 Ra7 30. Bd3 c4 31. Bb1 Ne5 32. Nxe5 Bxe5 33. Ne2 Bxf4 34. Qxf4
Kg7 35. Nd4 1/2-1/2